000
00325nam a22001337a 4500
003
OSt
005
20160727222458.0
008
160705b xxu||||| |||| 00| 0 eng d
100
_9
2231
_a
Norris, G
245
_a
A Time for Watching
260
_a
N.Y
_b
Alfred A Knopf
_c
1969
300
_a
A Time for Watching
942
_2
ddc
_c
BK
999
_c
1922
_d
1922